Principles of Metallurgical Thermodynamics/ (Record no. 188022)

MARC details
000 -LEADER
fixed length control field 00610nam a22001937a 4500
005 - DATE AND TIME OF LATEST TRANSACTION
control field 20220506174336.0
010 ## - LCCN (DPL NO)
LC control number ENG-132550
020 ## - INTERNATIONAL STANDARD BOOK NUMBER
International Standard Book Number 9788173719271
Terms of availability 650.00
035 ## - SYSTEM CONTROL NUMBER
System control number EN-116082
037 ## - SOURCE OF ACQUISITION
Source of stock number/acquisition DBAD/PUB
082 ## - DEWEY DECIMAL CLASSIFICATION NUMBER
Classification number 660.2965
100 ## - MAIN ENTRY--PERSONAL NAME
Personal name Bose, S K
245 ## - TITLE STATEMENT
Title Principles of Metallurgical Thermodynamics/
Statement of responsibility, etc S K Bose and S K Roy
260 ## - PUBLICATION, DISTRIBUTION, ETC. (IMPRINT)
Place of publication, distribution, etc Hyderabad
Name of publisher, distributor, etc Universities Press Private Limited
Date of publication, distribution, etc 2014
270 ## - ADDRESS
Address 3-6-747/1/A, Himayatnagar
City Hyderabad
Postal code 500029
Electronic mail address info@universitiespress.com
300 ## - PHYSICAL DESCRIPTION
Extent 666p.
Dimensions 24cm(pbk)
700 ## - ADDED ENTRY--PERSONAL NAME
Personal name Roy, S K
942 ## - ADDED ENTRY ELEMENTS (KOHA)
Source of classification or shelving scheme Dewey Decimal Classification
Item type English Books
Classification part 660.2965
Call number suffix BOS
Holdings
Withdrawn status Lost status Not for loan Collection code Home library Current library Date acquired Source of acquisition Cost, normal purchase price Full call number Barcode Copy number Cost, replacement price Koha item type
      Non-fiction Bawana Bawana 06/05/2022 DBAD/PUB 650.00 660.2965 BOS EN-116082 1 650.00 English Books

© Delhi Public Library
Hit Counter
free hit counter